[Event "Dortmund Sparkassen op 50th"]
[Site "Dortmund"]
[Date "2023.06.30"]
[Round "7"]
[White "Dudin, Gleb"]
[Black "Ponomariov, Ruslan"]
[Result "1-0"]
[WhiteElo "2486"]
[BlackElo "2664"]
[PlyCount "119"]
[EventDate "2023.06.24"]
[EventType "swiss"]
[EventRounds "9"]
[EventCountry "GER"]
[SourceTitle "CBM 215 Extra"]
[Source "ChessBase"]
[SourceDate "2023.09.30"]
[SourceVersion "1"]
[SourceVersionDate "2023.09.30"]
[SourceQuality "1"]

1. d4 Nf6 2. c4 e6 3. Nf3 b6 4. g3 Ba6 5. Qc2 c6 6. e4 d5 7. cxd5 Bxf1 8. Kxf1 cxd5 9. e5 Nfd7 10. Kg2 Na6 11. Qa4 Qc8 12. Nc3 Nc7 13. Bd2 Qb7 14. Rhc1 b5 15. Qa5 Be7 16. Ne2 Na6 17. a4 b4 18. Qb5 Rb8 19. Rc6 Nc7 20. Qxb7 Rxb7 21. Rac1 Bd8 22. Nf4 Nb8 23. R6c2 Kd7 24. b3 a5 25. h4 h6 26. Nh5 Rg8 27. Nh2 Rb6 28. Bxh6 Ne8 29. Be3 Rc6 30. Nf4 g5 31. hxg5 Bxg5 32. Kf3 Bxf4 33. Kxf4 Rxc2 34. Rxc2 Nc6 35. Ng4 Rh8 36. Rc1 Kc7 37. Kg5 Rg8+ 38. Kf4 Rh8 39. Kg5 Rg8+ 40. Kh4 Rh8+ 41. Nh6 Kd7 42. Kg5 Rh7 43. g4 Rg7+ 44. Kh5 Rh7 45. Rc5 Ng7+ 46. Kg5 Ne8 47. f4 Rg7+ 48. Kh5 Rh7 49. Bf2 Ne7 50. Rxa5 Ng8 51. g5 Ng7+ 52. Kg4 Nxh6+ 53. gxh6 Nf5 54. Rb5 Rxh6 55. Rxb4 Rh1 56. a5 Rf1 57. a6 Rxf2 58. a7 Rg2+ 59. Kh3 Ra2 60. Ra4 1-0

[Event "Dortmund Sparkassen op 50th"]
[Site "Dortmund"]
[Date "2023.06.29"]
[Round "6"]
[White "Ponomariov, Ruslan"]
[Black "Guo, Arthur"]
[Result "1/2-1/2"]
[WhiteElo "2664"]
[BlackElo "2445"]
[PlyCount "102"]
[EventDate "2023.06.24"]
[EventType "swiss"]
[EventRounds "9"]
[EventCountry "GER"]
[SourceTitle "CBM 215 Extra"]
[Source "ChessBase"]
[SourceDate "2023.09.30"]
[SourceVersion "1"]
[SourceVersionDate "2023.09.30"]
[SourceQuality "1"]

1. e4 e5 2. Nf3 Nc6 3. Bb5 a6 4. Ba4 Nf6 5. 0-0 b5 6. Bb3 Bc5 7. a4 Bb7 8. c3 d6 9. d4 Bb6 10. Bg5 h6 11. Bxf6 Qxf6 12. Bd5 0-0 13. Na3 Rfb8 14. Nc2 exd4 15. cxd4 bxa4 16. Rxa4 a5 17. Re1 Ne7 18. Bxb7 Rxb7 19. Ne3 Rab8 20. h3 c6 21. Nc4 Qe6 22. Qc1 Bc7 23. Nxa5 Bxa5 24. Rxa5 Rxb2 25. Ra8 Rxa8 26. Qxb2 Qd7 27. Rc1 Qc7 28. g3 Qa7 29. Kg2 Rb8 30. Ra1 Qc7 31. Qa3 Rc8 32. Rc1 Qd8 33. Nd2 Ra8 34. Qb3 Rb8 35. Qc3 Qb6 36. Rb1 Qc7 37. Ra1 Qb7 38. Nc4 d5 39. Nd6 Qd7 40. e5 Nf5 41. Ra6 Nxd6 42. exd6 Qxd6 43. Rxc6 Qd7 44. Rc5 Rd8 45. Qf3 Qe6 46. g4 g5 47. Rc3 Qe4 48. Qxe4 dxe4 49. Rc4 Ra8 50. d5 Rd8 51. Rxe4 Rxd5 1/2-1/2

[Event "Dortmund Sparkassen op 50th"]
[Site "Dortmund"]
[Date "2023.06.28"]
[Round "5"]
[White "Buckels, Valentin"]
[Black "Ponomariov, Ruslan"]
[Result "0-1"]
[WhiteElo "2442"]
[BlackElo "2664"]
[PlyCount "76"]
[EventDate "2023.06.24"]
[EventType "swiss"]
[EventRounds "9"]
[EventCountry "GER"]
[SourceTitle "CBM 215 Extra"]
[Source "ChessBase"]
[SourceDate "2023.09.30"]
[SourceVersion "1"]
[SourceVersionDate "2023.09.30"]
[SourceQuality "1"]

1. d4 Nf6 2. Nf3 e6 3. Bf4 c5 4. e3 cxd4 5. exd4 Be7 6. Be2 0-0 7. 0-0 b6 8. c4 Bb7 9. Nc3 d5 10. b3 Nc6 11. Ne5 Na5 12. Bf3 Rc8 13. Rc1 dxc4 14. Bxb7 Nxb7 15. bxc4 Na5 16. Nb1 Nd7 17. Qe2 Nxe5 18. Bxe5 Nc6 19. Rfd1 Nxe5 20. Qxe5 Bf6 21. Qe4 Qd7 22. d5 Rfd8 23. Nc3 Bxc3 24. Rxc3 Qa4 25. Qd4 exd5 26. h3 g6 27. Rdd3 dxc4 28. Qxd8+ Rxd8 29. Rxd8+ Kg7 30. a3 Qc6 31. Rd4 b5 32. Rf4 Qd5 33. g4 Qe5 34. Rff3 a5 35. a4 b4 36. Rxc4 Qd5 37. Rff4 b3 38. Rfd4 Qxc4 0-1

[Event "Kuressaare Saaremaa Rapid 4th"]
[Site "Kuressaare"]
[Date "2023.06.03"]
[Round "7"]
[White "Krasenkow, Michal"]
[Black "Ponomariov, Ruslan"]
[Result "1/2-1/2"]
[WhiteElo "2520"]
[BlackElo "2664"]
[PlyCount "164"]
[EventDate "2023.06.03"]
[EventType "swiss (rapid)"]
[EventRounds "11"]
[EventCountry "EST"]
[SourceTitle "CBM 214 Extra"]
[Source "ChessBase"]
[SourceDate "2023.07.31"]
[SourceVersion "1"]
[SourceVersionDate "2023.07.31"]
[SourceQuality "1"]

1. Nf3 Nf6 2. c4 e6 3. Nc3 Bb4 4. Qc2 c5 5. g3 Nc6 6. Bg2 0-0 7. 0-0 d5 8. cxd5 exd5 9. Na4 c4 10. b3 b5 11. Nc3 Rb8 12. Bb2 Re8 13. e3 Bf8 14. Ne2 Nb4 15. Qb1 Nd3 16. Ned4 Bd7 17. Ne1 Nxb2 18. Qxb2 Ne4 19. f3 Nf6 20. Nec2 a5 21. b4 axb4 22. Nxb4 Qb6 23. f4 Qd6 24. a3 Ne4 25. Qc2 g6 26. d3 Nf6 27. Rfe1 Bg7 28. dxc4 bxc4 29. Rad1 Ra8 30. Qc1 Qc5 31. Ndc2 Be6 32. Nd4 Bg4 33. Rd2 Ne4 34. Rc2 Bd7 35. Nb3 Qa7 36. Nd2 Nf6 37. Nxd5 Nxd5 38. Bxd5 Rxe3 39. Rxe3 Qxe3+ 40. Kh1 Ra5 41. Bg2 Be6 42. Qb1 Rxa3 43. Nxc4 Bxc4 44. Rxc4 h5 45. Rc1 Rb3 46. Rc8+ Kh7 47. Qg1 Qxg1+ 48. Kxg1 Bd4+ 49. Kf1 Rb1+ 50. Ke2 Rb2+ 51. Kd3 Rxg2 52. Kxd4 Rxh2 53. Ke3 Kg7 54. Kf3 Rd2 55. Rc7 Kf6 56. Ra7 Ke6 57. Ra6+ Rd6 58. Ra7 Rd3+ 59. Kg2 f6 60. Ra6+ Kf5 61. Kf2 Rc3 62. Rb6 Ra3 63. Rc6 Rd3 64. Ra6 g5 65. fxg5 fxg5 66. Ra4 Rc3 67. Kg2 Re3 68. Ra5+ Re5 69. g4+ hxg4 70. Ra8 Kf4 71. Rf8+ Rf5 72. Ra8 Rf6 73. Ra4+ Kf5 74. Ra5+ Kg6 75. Kg3 Kh5 76. Ra8 Rf3+ 77. Kg2 Rb3 78. Ra6 Rc3 79. Rb6 g3 80. Rb4 g4 81. Rb8 Kg5 82. Rg8+ Kf5 1/2-1/2

[Event "Kuressaare Saaremaa Rapid 4th"]
[Site "Kuressaare"]
[Date "2023.06.03"]
[Round "6"]
[White "Ponomariov, Ruslan"]
[Black "Volodin, Aleksandr"]
[Result "1/2-1/2"]
[WhiteElo "2664"]
[BlackElo "2453"]
[PlyCount "122"]
[EventDate "2023.06.03"]
[EventType "swiss (rapid)"]
[EventRounds "11"]
[EventCountry "EST"]
[SourceTitle "CBM 214 Extra"]
[Source "ChessBase"]
[SourceDate "2023.07.31"]
[SourceVersion "1"]
[SourceVersionDate "2023.07.31"]
[SourceQuality "1"]

1. e4 c5 2. Nf3 d6 3. d4 cxd4 4. Qxd4 Nc6 5. Bb5 a6 6. Bxc6+ bxc6 7. c4 e5 8. Qd3 Ne7 9. Nc3 Ng6 10. c5 a5 11. cxd6 Ba6 12. d7+ Qxd7 13. Qxd7+ Kxd7 14. Be3 f6 15. 0-0-0+ Ke6 16. Ne1 Be7 17. Nd3 Rhd8 18. Kc2 Bb5 19. g3 a4 20. Rd2 Nf8 21. Rhd1 Nd7 22. f4 g6 23. Ne1 Nf8 24. fxe5 fxe5 25. Nf3 Rxd2+ 26. Rxd2 Nd7 27. Nxb5 cxb5 28. Rd5 Rc8+ 29. Kd3 b4 30. Ra5 a3 31. Ra6+ Kf7 32. bxa3 bxa3 33. Ra7 Ke6 34. h4 Rd8 35. Ng5+ Bxg5 36. Bxg5 Nc5+ 37. Kc4 Rc8 38. Re7+ Kd6 39. Rxh7 Nxe4+ 40. Kd3 Nxg5 41. hxg5 Ke6 42. Ra7 Kf5 43. Rxa3 Rc1 44. Ke3 Kxg5 45. Ke4 Rc5 46. Ra6 Kh5 47. a4 g5 48. Kf5 e4+ 49. Kxe4 Kg4 50. a5 Kxg3 51. Ra8 g4 52. Kd4 Rg5 53. a6 Ra5 54. Kc4 Kg2 55. Kb4 Ra1 56. Kb5 g3 57. Rg8 Kf2 58. Kb6 g2 59. a7 Rxa7 60. Kxa7 g1Q 61. Rxg1 Kxg1 1/2-1/2

[Event "Bucharest Grand Prix"]
[Site "Bucharest"]
[Date "2023.04.30"]
[Round "9"]
[White "Grigoriants, Sergey"]
[Black "Ponomariov, Ruslan"]
[Result "0-1"]
[WhiteElo "2557"]
[BlackElo "2659"]
[PlyCount "80"]
[EventDate "2023.04.29"]
[EventType "swiss (rapid)"]
[EventRounds "10"]
[EventCountry "ROU"]
[SourceTitle "CBM 213 Extra"]
[Source "ChessBase"]
[SourceDate "2023.05.31"]
[SourceVersion "1"]
[SourceVersionDate "2023.05.31"]
[SourceQuality "1"]

1. c4 Nf6 2. Nc3 e5 3. Nf3 Nc6 4. e3 Be7 5. Qb3 0-0 6. Be2 b6 7. d3 Bb7 8. 0-0 Re8 9. a3 Bf8 10. Bd2 Na5 11. Qa2 c5 12. Nd5 Nc6 13. Bc3 d6 14. b4 g6 15. Rab1 Rb8 16. Bd1 Bg7 17. Ba4 Rc8 18. Nd2 Rf8 19. bxc5 dxc5 20. Bxc6 Bxc6 21. e4 Nh5 22. Nf3 Re8 23. a4 Nf4 24. Rfd1 Qd7 25. a5 Bxd5 26. cxd5 Qg4 27. g3 Qxf3 28. gxf4 exf4 29. Bxg7 Kxg7 30. Qb2+ f6 31. axb6 axb6 32. Qxb6 Qh3 33. Qa7+ Kh6 34. Kh1 Re5 35. Rg1 Qf3+ 36. Rg2 Rg5 37. Rbg1 c4 38. Qa6 Rxg2 39. Rxg2 Rb8 40. Qa1 cxd3 0-1